History Quiz

Random History or Politics Quiz

History in Color II Quiz Stats

 Plays Quiz Updated Jun 7, 2019

Score 0/20 Timer 05:00
85 Plays Today
% Correct
Mohandas Gandhi
95.7%
Anne Frank
91.7%
Orville Wright
91.4%
Queen Victoria
84.3%
Amelia Earhart
83%
Vladimir Lenin
78.6%
Ulysses Grant
69.6%
Harriet Tubman
69.6%
Princess Elizabeth
66.3%
Sitting Bull
64.2%
% Correct
Charles Lindbergh
57.8%
Annie Oakley
56.6%
Nikola Tesla
49.8%
Tsar Nicholas II & King George V
43.9%
Kaiser Wilhelm II
28.2%
John Quincy Adams
27.6%
Charles Dickens
23.2%
Booker T. Washington
18.6%
Alexander Graham Bell
16.7%
Pyotr Ilyich Tchaikovsky
4.8%

You're not logged in!

Compare scores with friends on all Sporcle quizzes.
OR
Log In

Show Comments

Extras

Top Quizzes Today


Score Distribution

Your Account Isn't Verified!

In order to create a playlist on Sporcle, you need to verify the email address you used during registration. Go to your Sporcle Settings to finish the process.

Report this User

Report this user for behavior that violates our Community Guidelines.

Details: